Slipknot Members - Statistics

General Stats
  • This quiz has been taken 1,506 times
    1,328 since last reset
  • The average score is 10 of 13
Answer Stats
Member % Correct
Corey Taylor
98%
Joey Jordison
96%
M. Shawn Crahan
93%
Mick Thomson
92%
Sid Wilson
91%
James Root
87%
Paul Gray
84%
Chris Fehn
82%
Craig Jones
81%
Jay Weinberg
77%
Alessandro Venturella
61%
Tortilla
50%
Anders Colsefni
31%
No matching quizzes found
Score Distribution
Percent of People with Each Score
Percentile by Number Answered
Your Score History
You have not taken this quiz since the last reset